[Event "Open A"]
[Site "Lido Estensi ITA"]
[Date "2000.05.27"]
[Round "1"]
[White "Davies,N"]
[Black "Barbieri,G"]
[Result "1-0"]
[WhiteElo "2497"]
[BlackElo "2103"]

1.d4 Nf6 2.c4 g6 3.Nf3 Bg7 4.g3 d6 5.Bg2 O-O 6.O-O c6 7.b3 Na6 8.Bb2 Nc7
9.Nbd2 d5 10.Re1 Bf5 11.Nh4 e6 12.Rc1 Bh6 13.e3 Rc8 14.h3 Ne4 15.Ndf3 g5
16.Nxf5 exf5 17.Ne5 f6 18.Nd3 Re8 19.Rc2 Bf8 20.Kh2 Bd6 21.c5 Bf8 22.f3 f4
23.gxf4 g4 24.hxg4 f5 25.fxe4 Qh4+ 26.Bh3 dxe4 27.Ne5 Re6 28.gxf5  1-0

[Event "ch-CZE"]
[Site "Opava CZE"]
[Date "2000.05.28"]
[Round "7"]
[White "Konopka,M"]
[Black "Firt,S"]
[Result "1/2-1/2"]
[WhiteElo "2442"]
[BlackElo "2350"]

1.Nf3 Nf6 2.d4 g6 3.g3 Bg7 4.Bg2 O-O 5.c4 d6 6.O-O c6 7.Nc3 Qa5 8.e4 Qh5
9.e5 dxe5 10.Nxe5 Qxd1 11.Rxd1 Ng4 12.Nf3 Nd7 13.h3 Ngf6 14.Be3 h5 15.Rac1 Nb6
16.b3 Bf5 17.a4 Rac8 18.Nh4 Bd7 19.a5 Na8 20.a6 bxa6 21.Na4 Rfd8 22.Nc5 Be8
23.Ra1 Nc7 24.Nf3 Nh7 25.Nxa6 Ne6 26.Ra5 Nhf8 27.Kf1 Rd7 28.Ke2 Rcd8 29.Rd2 Bxd4
30.Nxd4 Nxd4+ 31.Rxd4 Rxd4 32.Bxd4 Rxd4 33.Nb4 Rd6 34.Rxa7 Ne6 35.Ra8 Rd8
36.Rxd8 Nxd8 37.Ke3 e5 38.f4 exf4+ 39.Kxf4 Kf8 40.Nd3 Ne6+ 41.Ke4 Ke7 42.b4 f6
43.h4 g5 44.Ke3 Ng7 45.Be4 Kd6 46.Ne1 f5 47.Bd3 f4+ 48.gxf4 gxh4 49.Nf3 h3
50.f5 Ke7 51.Kf4 Kf6 52.Be4 h4 53.Nxh4 h2 54.Bh1 Bf7 55.b5 Nh5+ 56.Kg4 cxb5
57.cxb5 Ke5 58.Ng6+ Kd4 59.Kxh5 Bd5 60.Kh4 Bxh1 61.Kg3 Be4 62.Kxh2 Bxf5 63.b6 Be4  1/2-1/2

[Event "Master Open"]
[Site "Lausanne SUI"]
[Date "2000.05.31"]
[Round "1"]
[White "Jagstaidt,P"]
[Black "Etchegaray,P"]
[Result "0-1"]
[WhiteElo "2069"]
[BlackElo "2360"]

1.d4 Nf6 2.c4 g6 3.Nf3 Bg7 4.g3 O-O 5.Bg2 d6 6.O-O Nbd7 7.Nc3 e5 8.dxe5 dxe5
9.e4 c6 10.Qe2 Qc7 11.h3 Nc5 12.b4 Ne6 13.Be3 Nh5 14.Rfd1 Qe7 15.Rab1 f5
16.exf5 gxf5 17.Ng5 Nxg5 18.Qxh5 Ne6 19.Na4 f4 20.Bc5 Nxc5 21.Nxc5 Rf6 22.Qg5 fxg3
23.Ne4 gxf2+ 24.Kf1 Kh8 25.Nxf6 Bxf6 26.Qh6 Bf5 27.Rb2 Bg6 28.Qd2 Bh4 29.Qe3 Qe6
30.Rxf2 Bxf2 31.Kxf2 Re8 32.Qe2 Bf5 33.Qh5 Rf8 34.Kg1 Qxc4 35.Qh6 Qxb4 36.Rf1 Kg8
37.Qg5+ Bg6 38.Rxf8+ Qxf8 39.Qxe5 Qe8 40.Qc3 a5 41.Bf1 b5 42.h4 Qe7 43.h5 Qg5+
44.Kh2 Qxh5+ 45.Bh3 Qe2+ 46.Bg2 Qe8 47.Kg1 Qd7 48.Qe5 Qd1+ 49.Bf1 Qd5 50.Qb8+ Kf7
51.Qc7+ Kf6 52.Qxa5 Qd4+ 53.Kh2 Bd3 54.Bg2 Be4 55.Bxe4 Qxe4 56.Qd8+ Qe7 57.Qh8+ Ke6
58.Qc8+ Kd5 59.Qg8+ Kd6 60.Qg2 Qe5+ 61.Kg1 Qd4+ 62.Kh2 b4 63.Qg8 Qe5+ 64.Kg1 Qc5+
65.Kf1 Qf5+  0-1

[Event "Open Victor Syre Mem"]
[Site "Issy Les Moulineaux FRA"]
[Date "2000.06.01"]
[Round "1"]
[White "Veron,C"]
[Black "Delerme,R"]
[Result "1/2-1/2"]
[WhiteElo "2186"]
[BlackElo "2057"]

1.c4 Nf6 2.Nf3 d6 3.d4 g6 4.g3 Bg7 5.Bg2 O-O 6.O-O Nbd7 7.Nc3 c5 8.e4 cxd4
9.Nxd4 a6 10.b3 Rb8 11.Bb2 Nc5 12.Qe2 Ne6 13.Nc2 Bd7 14.a4 a5 15.b4 axb4
16.Nxb4 Nd4 17.Qd3 Nb3 18.Ra3 Nc5 19.Qc2 Qb6 20.a5 Qd8 21.h3 Be6 22.Nbd5 Bxd5
23.cxd5 b5 24.axb6 Rxb6 25.Na4 Nxa4 26.Rxa4 Qd7 27.Bd4 Rb7 28.Rc1 Rfb8 29.e5 Ne8
30.e6 Qb5 31.exf7+ Kxf7 32.Bf1 Qd7 33.Ba6 Rc7 34.Rc4 Bxd4  1/2-1/2

[Event "Open A"]
[Site "Lido Estensi ITA"]
[Date "2000.06.04"]
[Round "9"]
[White "Marchini,M"]
[Black "Barbieri,G"]
[Result "1-0"]
[WhiteElo "2187"]
[BlackElo "2103"]

1.d4 Nf6 2.Nf3 g6 3.c4 Bg7 4.g3 O-O 5.Bg2 d6 6.Nc3 Nbd7 7.O-O c6 8.e4 e5
9.h3 Re8 10.Be3 Qc7 11.Re1 b6 12.Qc2 Bb7 13.Rad1 Rad8 14.b3 a6 15.Re2 b5
16.cxb5 axb5 17.Nxb5 Qb8 18.Nxd6 Qxd6 19.dxe5 Qb4 20.exf6 Nxf6 21.Rxd8 Rxd8
22.Rd2 Re8 23.e5 Nd5 24.Bc5 Qa5 25.Bd6 Bh6 26.Rd1 Ra8 27.a4 Rc8 28.Nd4 c5
29.Nb5 Nb4 30.Qc4 Bxg2 31.Kxg2 Qa8+ 32.Kg1 Qf3 33.Qg4 Qxg4 34.hxg4 Bg5 35.f4 Bd8
36.Bxc5 Rxc5 37.Rxd8+ Kg7 38.g5  1-0

[Event "NOR Team-ch"]
[Site "Oslo NOR"]
[Date "2000.06.04"]
[Round "5"]
[White "Thorstensen,T"]
[Black "Harestad,T"]
[Result "1/2-1/2"]
[WhiteElo "2265"]
[BlackElo "2238"]

1.Nf3 g6 2.g3 Bg7 3.d4 Nf6 4.Bg2 O-O 5.c4 d6 6.Nc3 c6 7.O-O Qa5 8.h3 a6 9.Bd2 Qd8
10.e4 Nbd7 11.Qe2 Ne8 12.Rfe1 Nc7 13.Rad1 e5 14.Bg5 Qe8 15.d5 c5 16.a3 h6  1/2-1/2

[Event "White Nights Open"]
[Site "St Petersburg RUS"]
[Date "2000.06.23"]
[Round "1"]
[White "Guseva,O"]
[Black "Monin,N"]
[Result "0-1"]
[WhiteElo "2135"]
[BlackElo "2362"]

1.d4 Nf6 2.Nf3 g6 3.c4 Bg7 4.g3 O-O 5.Bg2 d6 6.O-O Nbd7 7.Qc2 e5 8.Rd1 Re8
9.e4 c6 10.dxe5 dxe5 11.Nc3 Qe7 12.h3 a5 13.Be3 Nc5 14.Rd2 Qf8 15.Rad1 Bh6
16.Bxc5 Qxc5 17.Rd6 Nd5 18.Nxd5 Qxd6 19.c5 Qb8 20.Nf6+ Kf8 21.Nxe8 Kxe8 22.Qc3 Be6
23.a3 f6 24.g4 Bf4 25.g5 Ke7 26.gxf6+ Kxf6 27.Rd6 Qc7 28.Nd2 b5 29.Qd3 a4
30.h4 Ke7 31.Bh3 Bxh3 32.Qxh3 Qc8 33.Qxc8 Rxc8 34.Nf3 Bc1 35.Nxe5 Bxb2 36.Nxc6+ Ke8
37.Ne5 Bxa3 38.Re6+ Kf8 39.c6 Bb2 40.Nd7+ Kf7 41.Rd6 a3 42.Nc5 a2 43.Nb3 a1=Q+
44.Nxa1 Bxa1 45.Rd7+ Ke6 46.Rxh7 Rxc6 47.Rb7 Rc5 48.Rb6+ Ke5 49.Rxg6 Kxe4
50.Rg4+ Kd3 51.f4 Bd4+ 52.Kg2 b4  0-1

[Event "White Nights Open"]
[Site "St Petersburg RUS"]
[Date "2000.06.28"]
[Round "5"]
[White "Novikov,M"]
[Black "Nikolaev,N"]
[Result "0-1"]
[WhiteElo "2408"]
[BlackElo "2315"]

1.d4 Nf6 2.Nf3 g6 3.c4 Bg7 4.g3 O-O 5.Bg2 d6 6.O-O Nc6 7.Nc3 a6 8.d5 Na5
9.Nd2 c5 10.Qc2 Rb8 11.b3 b5 12.Bb2 bxc4 13.bxc4 Bh6 14.Ncb1 Bg7 15.Nc3 Bh6
16.f4 e5 17.Rae1 exf4 18.gxf4 Nh5 19.e3 Bg7 20.Nd1 Bf5 21.Qc1 Bxb2 22.Nxb2 Qf6
23.Nd1 Bd3 24.Rf2 Nxc4 25.Be4 Nxd2 26.Bxd3 c4 27.Bc2 c3 28.Bd3 Rfc8 29.Nxc3 Nb3
30.axb3 Rxc3 31.Bc2 Rbc8 32.Qd1 Qh4 33.Be4 Re8 34.Bf3 Ng7 35.Qd2 Rxb3 36.e4 Reb8
37.Rd1 Nh5 38.Bxh5 Qxh5 39.Qe2 Qh4 40.Rdf1 a5 41.e5 Rb2 42.Qxb2 Rxb2 43.Rxb2 dxe5
44.Rd2 e4 45.d6 e3 46.Rg2 Qh3 47.f5 e2 48.Rxe2 Qg4+ 49.Kf2 Qxf5+  0-1

[Event "White Nights Women"]
[Site "St Petersburg RUS"]
[Date "2000.07.01"]
[Round "8"]
[White "Lymar,I"]
[Black "Sudakova,I"]
[Result "1/2-1/2"]
[WhiteElo "2347"]
[BlackElo "2213"]

1.d4 Nf6 2.Nf3 g6 3.c4 Bg7 4.g3 O-O 5.Bg2 d6 6.O-O Nbd7 7.Nc3 e5 8.h3 Re8
9.e4 exd4 10.Nxd4 a6 11.Re1 Rb8 12.a4 a5 13.Ndb5 b6 14.Bg5 h6 15.Be3 Nc5
16.Qc2 Bb7 17.f3 Qe7 18.Rad1 Rbd8 19.Bf2 h5 20.Re2 Rd7 21.Rde1 Qd8 22.f4 Qa8
23.Bxc5 dxc5 24.e5 Bxg2 25.exf6 Rxe2 26.Rxe2 Bf3 27.fxg7 Bxe2 28.Qxe2 c6
29.Ne4 Qd8 30.Nbc3 Kxg7 31.g4 hxg4 32.hxg4 Rd4 33.g5 Qd7 34.Qh2 Qg4+ 35.Kf2 Qh5
36.Qg3 Qh1 37.f5 Rxe4 38.f6+ Kh7 39.Nxe4 Qxe4 40.Qh2+ Kg8 41.Qb8+ Kh7 42.Qh2+  1/2-1/2

[Event "FSIMB July"]
[Site "Budapest HUN"]
[Date "2000.07.06"]
[Round "6"]
[White "Naes,F"]
[Black "Rajlich,V"]
[Result "1/2-1/2"]
[WhiteElo "2257"]
[BlackElo "2309"]

1.d4 Nf6 2.Nf3 g6 3.c4 Bg7 4.g3 O-O 5.Bg2 d6 6.O-O Nbd7 7.Nc3 e5 8.e4 c6
9.h3 Qb6 10.dxe5 dxe5 11.Qc2 Ne8 12.Be3 Qb4 13.Nd2 Nc7 14.a3 Qe7 15.Rad1 Ne6
16.Nb3 a5 17.Na4 c5 18.Rd5 b6 19.Rfd1 Nd4 20.Nxd4 cxd4 21.Bd2 Rb8 22.c5 bxc5
23.Nxc5 Nf6 24.Bxa5 Nxd5 25.exd5 Bf5 26.Ne4 Rfc8 27.d6 Qb7 28.Bc7 Qxb2 29.Qxb2 Rxb2
30.g4 Be6 31.Nc5 Bf6 32.Bb7 Rf8 33.a4 Bh4 34.f3 Bf2+ 35.Kh1 Be3 36.Bc6 Rc2
37.Nxe6 fxe6 38.Be4 Ra2 39.a5 Bd2 40.a6 Be3 41.d7 Bg5 42.Bb7 e4 43.fxe4 d3
44.Bb6 d2 45.a7 h5 46.a8=Q Raxa8 47.Bxa8 Rxa8 48.Rxd2  1/2-1/2

[Event "FSIMB July"]
[Site "Budapest HUN"]
[Date "2000.07.07"]
[Round "7"]
[White "Froehlich,P"]
[Black "Farago,S"]
[Result "1-0"]
[WhiteElo "2375"]
[BlackElo "2271"]

1.d4 Nf6 2.c4 g6 3.Nf3 Bg7 4.g3 O-O 5.Bg2 d6 6.O-O c6 7.Nc3 a6 8.e4 b5 9.e5 Ne8
10.c5 dxc5 11.dxc5 Nc7 12.Bg5 Qe8 13.Qc1 Ne6 14.Bh6 Nxc5 15.Bxg7 Kxg7 16.Nxb5 cxb5
17.Qxc5 Nd7 18.Qc7 Qd8 19.Qxd8 Rxd8 20.Nd4 Nxe5 21.Bxa8 Rxd4 22.Rfd1 Rb4
23.b3 g5 24.Kg2 a5 25.Re1 f6 26.Re4 Rxe4 27.Bxe4 a4 28.f4 gxf4 29.gxf4 Nf7
30.bxa4 bxa4 31.Bc6 a3 32.Bd5 Nd6 33.Re1 Nf5 34.Kf2 Ba6 35.Rc1 Nd4 36.Rc3 Ne2
37.Rf3 f5 38.Be6 Kf6 39.Rxa3 Nxf4 40.Bxf5 Bb7 41.Bxh7 e5 42.Ra4 Nh3+ 43.Ke3 Ng5
44.Bc2 Ne6 45.Be4 Nc5 46.Rb4 Bxe4 47.Rxe4  1-0

[Event "FSIMB July"]
[Site "Budapest HUN"]
[Date "2000.07.08"]
[Round "8"]
[White "Froehlich,P"]
[Black "Rajlich,V"]
[Result "0-1"]
[WhiteElo "2375"]
[BlackElo "2309"]

1.d4 Nf6 2.c4 g6 3.Nf3 Bg7 4.g3 O-O 5.Bg2 d6 6.O-O Nc6 7.Nc3 a6 8.b3 Rb8
9.Nd5 Nh5 10.Bb2 e6 11.Nc3 e5 12.dxe5 Nxe5 13.Nxe5 Bxe5 14.Qd2 Re8 15.Rad1 Be6
16.e4 Bg7 17.h3 h6 18.Kh2 Qg5 19.Qd3 b5 20.cxb5 axb5 21.f4 Qc5 22.Rc1 Qa7
23.Nxb5 Rxb5 24.Qxb5 Rb8 25.Qe2 Qxa2 26.Rc2 Nxg3 27.Bxg7 Qxb3 28.Rc3 Nxe2
29.Rxb3 Rxb3 30.Bxh6 c5 31.f5 gxf5 32.exf5 Ng3 33.Rg1 Bc4 34.Bf1 Bxf1 35.Rxg3+ Rxg3
36.Kxg3 d5 37.Bf4 d4 38.Bd6 c4 39.Bc5 d3 40.Bb4 f6 41.Kf2 d2 42.Bxd2 Bxh3
43.Ke3 Bxf5 44.Kf4 Bb1 45.Bc3 Kf7 46.Bb2 Ke6 47.Bc3 f5 48.Ke3 Kd5 49.Bb4 Bd3
50.Be1 Kc5 51.Bd2 Bb1 52.Be1 Bd3 53.Bd2 Bc2 54.Be1 Kb5 55.Kd4 f4 56.Bd2 f3
57.Be1 Bd1 58.Kc3 Kc5 59.Bh4 Kd5 60.Kd2 Be2 61.Bg3 Ke4 62.Bh4 Kf4 63.Be1 Bf1
64.Bf2 Kg4 65.Ke1 Be2 66.Kd2 Kh3 67.Be1 Kg2 68.Ke3 Bd3 69.Bh4 Bg6 70.Be1 Bh7  0-1

[Event "FSIMA July"]
[Site "Budapest HUN"]
[Date "2000.07.11"]
[Round "11"]
[White "Rasmussen,Ro"]
[Black "Kahn,E"]
[Result "0-1"]
[WhiteElo "2139"]
[BlackElo "2301"]

1.d4 Nf6 2.c4 g6 3.g3 Bg7 4.Bg2 d6 5.Nf3 O-O 6.O-O Nbd7 7.Nc3 e5 8.h3 Re8
9.e4 exd4 10.Nxd4 c6 11.Be3 Nc5 12.Qc2 Qb6 13.Rab1 a5 14.b3 Qc7 15.Rbd1 Nfd7
16.Rd2 Nb8 17.Rfd1 Nba6 18.Nde2 Bf8 19.Bf4 Rd8 20.g4 Be6 21.Nd4 a4 22.Be3 axb3
23.axb3 Nb4 24.Qb1 Bg7 25.Nce2 Ra3 26.Nc1 Rda8 27.Nc2 Ra1 28.Nxa1 Rxa1 29.Rxd6 Nd7
30.Qxa1 Bxa1 31.f4 Nc2 32.Bf2 c5 33.f5 Bd4 34.R6xd4 Nxd4 35.fxe6 fxe6 36.e5 Nxe5
37.Nd3 Nef3+ 38.Kh1 Qh2+  0-1

[Event "29th ch-GRE Team"]
[Site "Athens GRE"]
[Date "2000.07.12"]
[Round "7"]
[White "Kalaitzidis,P"]
[Black "Sigalas,F"]
[Result "0-1"]
[WhiteElo "2118"]
[BlackElo "2069"]

1.c4 g6 2.Nf3 Bg7 3.d4 Nf6 4.g3 d6 5.Bg2 O-O 6.O-O Nc6 7.Nc3 a6 8.b3 Rb8
9.Bb2 b5 10.cxb5 axb5 11.d5 Na5 12.Nd4 b4 13.Na4 e5 14.Nc6 Nxc6 15.dxc6 Be6
16.Qd2 Nh5 17.Rfd1 f5 18.Bd5 Bxd5 19.Qxd5+ Kh8 20.Rac1 f4 21.Rc4 fxg3 22.hxg3 Qe7
23.Qd2 Qf7 24.Qe1 Qf5 25.Rd3 Nf6 26.e4 Qh3 27.Qf1 Qe6 28.Qg2 Bh6 29.Bc1 Bxc1
30.Rxc1 Ng4 31.f3 Nh6 32.Qd2 g5 33.Qxg5 Rg8 34.Qh4 Qg6 35.Kf2 Rbf8 36.Ke2 Qxg3
37.Qxg3 Rxg3 38.Rh1 Nf7 39.Rf1 Ng5 40.Re3 Ne6 41.Kf2 Rfg8 42.Ree1 Nd4 43.Rd1 Rg2+  0-1

[Event "Staffordshire IM"]
[Site "Lichfield ENG"]
[Date "2000.07.13"]
[Round "8"]
[White "Cooper,L"]
[Black "Richardson,J"]
[Result "1/2-1/2"]
[WhiteElo "2338"]
[BlackElo "2331"]

1.d4 Nf6 2.Nf3 g6 3.c4 Bg7 4.g3 O-O 5.Bg2 d6 6.O-O Nc6 7.Nc3 a6 8.h3 Rb8
9.e4 b5 10.cxb5 axb5 11.e5 dxe5 12.dxe5 Nd7 13.e6 fxe6 14.Ng5  1/2-1/2

[Event "10th Open"]
[Site "Jyvaskyla FIN"]
[Date "2000.07.20"]
[Round "3"]
[White "Blechzin,I"]
[Black "Laasanen,T"]
[Result "0-1"]
[WhiteElo "2381"]
[BlackElo "2121"]

1.d4 Nf6 2.c4 g6 3.Nf3 Bg7 4.g3 O-O 5.Bg2 d6 6.O-O Nbd7 7.Nc3 e5 8.e4 c6
9.h3 Qb6 10.c5 dxc5 11.dxe5 Ne8 12.Be3 Nc7 13.Na4 Qb5 14.Re1 Ne6 15.Rc1 Re8
16.b3 Nxe5 17.Nxe5 Bxe5 18.Nxc5 Qa5 19.Nxe6 Bxe6 20.Qc2 Rad8 21.Qc5 Qxc5
22.Rxc5 Bd4 23.Bxd4 Rxd4 24.Rec1 Red8 25.Kf1 Kg7 26.R1c2 Rd1+ 27.Ke2 Rg1
28.Bf1 Bc8 29.Ra5 a6 30.Ra3 h5 31.h4 Bg4+ 32.f3 Bxf3+ 33.Kxf3 Rxf1+ 34.Rf2 Rd3+
35.Ke2 Rxf2+ 36.Kxf2 Kf6 37.Ra5 Rc3 38.Ra3 Ke5 39.Ra4 c5 40.Kg2 f6 41.Kf2 Kd6
42.Kg2 Kc6 43.g4 hxg4 44.e5 f5 45.b4 Re3  0-1

[Event "ch-SCO"]
[Site "Glasgow SCO"]
[Date "2000.07.21"]
[Round "7"]
[White "McNab,C"]
[Black "Parkin,J"]
[Result "1-0"]
[WhiteElo "2416"]
[BlackElo "2140"]

1.c4 Nf6 2.g3 g6 3.Bg2 Bg7 4.Nf3 d6 5.d4 O-O 6.O-O Nc6 7.d5 Na5 8.Nbd2 c5
9.e4 e5 10.Ne1 Rb8 11.Qc2 b5 12.b3 bxc4 13.bxc4 Ba6 14.Nd3 Qd7 15.Bb2 Nh5
16.Rae1 f5 17.Bh3 Rb6 18.Ba3 Bh6 19.f4 exf4 20.Qc3 Nb7 21.Nxf4 Bg7 22.Qd3 Nxf4
23.gxf4 Bd4+ 24.Kh1 Na5 25.exf5 gxf5 26.Rf3 Kh8 27.Rg3 Rbb8 28.Re6 Qa4 29.Bf1 Rbd8
30.Qxd4+ cxd4 31.Bb2 Rf6 32.Bxd4 Rf8 33.Rxf6  1-0

[Event "WIPRO GM"]
[Site "Hyderabad IND"]
[Date "2000.07.21"]
[Round "6"]
[White "Harikrishna,P"]
[Black "Aarthie,R"]
[Result "1-0"]
[WhiteElo "2500"]
[BlackElo "2319"]

1.d4 Nf6 2.Nf3 g6 3.c4 Bg7 4.g3 O-O 5.Bg2 d6 6.O-O Nc6 7.Nc3 a6 8.d5 Na5
9.Nd2 c5 10.Qc2 Rb8 11.b3 b5 12.Bb2 h5 13.Rab1 h4 14.Nce4 bxc4 15.bxc4 hxg3
16.hxg3 Bf5 17.Nxf6+ Bxf6 18.e4 Bd7 19.Bxf6 exf6 20.Rxb8 Qxb8 21.Rb1 Qd8
22.Qb2 Bc8 23.Bf3 Kg7 24.Qb6 Qxb6 25.Rxb6 Rd8 26.Be2 Kf8 27.f4 Ke7 28.Bd3 Kd7
29.Nf1 Kc7 30.Rb2 Bd7 31.Ne3 Re8 32.Kf2 Rh8 33.Kg2 Bh3+ 34.Kg1 Bd7 35.f5 Bc8
36.a3 Kd7 37.Ng4 Ke7 38.Rb6 Bb7 39.Nf2 Rb8 40.Kf1 Rg8 41.g4 Bc8 42.Ke2 Kd7
43.Rb1 Rh8 44.Kf3 Kc7 45.Kg3 Bd7 46.Nh3 Nb7 47.fxg6 fxg6 48.Rf1 Rf8 49.Nf4 Rg8
50.Ng2 Rf8 51.g5 f5 52.exf5 Bxf5 53.Bxf5 gxf5 54.Nf4 Nd8 55.g6 Rg8 56.Kh4 Kd7
57.Re1 a5 58.a4  1-0

[Event "10th Open"]
[Site "Jyvaskyla FIN"]
[Date "2000.07.21"]
[Round "5"]
[White "Kochyev,A"]
[Black "Molander,R"]
[Result "1-0"]
[WhiteElo "2422"]
[BlackElo "2289"]

1.Nf3 Nf6 2.c4 g6 3.d4 Bg7 4.g3 O-O 5.Bg2 d6 6.O-O Nc6 7.d5 Na5 8.Nbd2 c5
9.Ne1 b5 10.cxb5 a6 11.bxa6 Rxa6 12.Nc2 Bb7 13.e4 e6 14.dxe6 fxe6 15.e5 Nd7
16.Bxb7 Nxb7 17.Qe2 Qa8 18.Nc4 Nxe5 19.Nxe5 Rf5 20.Ng4 Kh8 21.Bh6 Bxb2 22.Nb4 Bxa1
23.Nxa6 Bd4 24.Qxe6  1-0

[Event "KB Czech Open"]
[Site "Pardubice CZE"]
[Date "2000.07.24"]
[Round "4"]
[White "Konopka,M"]
[Black "Stryjecki,M"]
[Result "0-1"]
[WhiteElo "2453"]
[BlackElo "2405"]

1.Nf3 g6 2.d4 Bg7 3.g3 Nf6 4.Bg2 O-O 5.c4 d6 6.O-O Nc6 7.Nc3 a6 8.b3 Rb8
9.e3 b5 10.Qe2 bxc4 11.Qxc4 Nb4 12.Rd1 a5 13.Qe2 Ba6 14.Qd2 Bb7 15.Ba3 Qd7
16.Rac1 Rfc8 17.Qe2 Ba6 18.Qd2 Bb7 19.Qe2 c5 20.Ne5 Qc7 21.Bxb7 Qxb7 22.Nf3 Nd7
23.dxc5 Nxc5 24.Ne1 Nxb3 25.axb3 Rxc3 26.Bb2 Rxb3 27.Bxg7 Kxg7 28.Qc4 Na6
29.h4 Nc5 30.Qd4+ Kg8 31.h5 Qe4 32.Qa1 Qa4 33.hxg6 fxg6 34.Qxa4 Nxa4 35.Rc7 R8b7
36.Rxb7 Rxb7 37.Ra1 Nc5 38.Rxa5 Rb1 39.Kf1 Nd3 40.Ke2 Nxe1 41.Ra7 e6 42.Rc7 d5  0-1

[Event "MTO Open"]
[Site "Biel SUI"]
[Date "2000.07.25"]
[Round "2"]
[White "Ermeni,A"]
[Black "Stoecklin,C"]
[Result "1-0"]
[WhiteElo "2246"]
[BlackElo "2111"]

1.Nf3 Nf6 2.d4 g6 3.c4 Bg7 4.g3 O-O 5.Bg2 d6 6.O-O Nc6 7.Nc3 a6 8.Qc2 Rb8
9.d5 Na5 10.Nd2 c5 11.a3 Qc7 12.e4 Bd7 13.Rb1 b5 14.b3 bxc4 15.bxc4 Rxb1
16.Ncxb1 Rb8 17.Bb2 Qb6 18.Bc3 Ne8 19.Re1 Bxc3 20.Qxc3 Nb3 21.e5 Nd4 22.exd6 exd6
23.h4 Ng7 24.Ne4 Ne8 25.Nbd2 Qb2 26.Qd3 Qc2 27.Qe3 Kg7 28.Qf4 Rb6 29.h5 h6
30.hxg6 fxg6 31.Nxd6 Rxd6 32.Re7+  1-0

[Event "Open"]
[Site "Bergen NOR"]
[Date "2000.07.27"]
[Round "7"]
[White "Hanley,C"]
[Black "Hagesaether,E"]
[Result "1-0"]
[WhiteElo "2294"]
[BlackElo "2044"]

1.d4 Nf6 2.Nf3 g6 3.c4 Bg7 4.g3 O-O 5.Bg2 d6 6.O-O Nbd7 7.Nc3 e5 8.e4 c6
9.h3 exd4 10.Nxd4 Nc5 11.Re1 a5 12.Rb1 Nfd7 13.f4 Qf6 14.Be3 Nb6 15.b3 Re8
16.Nde2 Qe7 17.Bd4 Bf8 18.g4 Nbd7 19.Qd2 Rb8 20.g5 f6 21.gxf6 Nxf6 22.Ng3 Ne6
23.Nd5 cxd5 24.exd5 Nxd4 25.Rxe7 Nxb3 26.Rxb3 Bxe7 27.Qxa5 Bd7 28.Qa7 Ra8
29.Qxb7 Rxa2 30.Re3 Rc2 31.Bf1 Bf8 32.Rxe8 Bxe8 33.Qb3 Rc1 34.Qb2 Rxf1+ 35.Kxf1 Kf7
36.Qb7+ Kg8 37.Kg2 Bd7 38.Ne2 Bf5 39.Nd4 Bd3 40.Qc7 Ne8 41.Qc8 Ng7 42.Ne6 Nxe6
43.dxe6 Bf5 44.Qe8  1-0

[Event "MTO Open"]
[Site "Biel SUI"]
[Date "2000.07.27"]
[Round "4"]
[White "Ermeni,A"]
[Black "Pahud,C"]
[Result "1/2-1/2"]
[WhiteElo "2246"]
[BlackElo "2103"]

1.Nf3 Nf6 2.d4 g6 3.c4 Bg7 4.g3 O-O 5.Bg2 d6 6.O-O Nc6 7.Nc3 a6 8.Qc2 Rb8
9.Rd1 Bd7 10.c5 dxc5 11.dxc5 Qc8 12.Bf4 Bf5 13.e4 Bg4 14.Nd5 e6 15.Ne3 Bxf3
16.Bxf3 e5 17.Bg5 Nd4 18.Rxd4 exd4 19.Nd5 Nxd5 20.exd5 Re8 21.Rc1 Qd7 22.Bf4 Rbc8
23.Kg2 h6 24.h4 Re7 25.Bxc7 Rce8 26.d6 Re1 27.Rxe1 Rxe1 28.Bxb7 Qb5 29.Bf3 Qf1+
30.Kh2 d3 31.Qd2 Re2 32.Bxe2 Qxf2+ 33.Kh3 dxe2 34.d7 Qf1+ 35.Kh2 Qf2+ 36.Kh3  1/2-1/2

[Event "WIPRO GM"]
[Site "Hyderabad IND"]
[Date "2000.07.28"]
[Round "13"]
[White "Fominyh,A"]
[Black "Aarthie,R"]
[Result "1-0"]
[WhiteElo "2594"]
[BlackElo "2319"]

1.d4 Nf6 2.Nf3 g6 3.g3 Bg7 4.Bg2 O-O 5.c4 d6 6.O-O Nbd7 7.Qc2 e5 8.Rd1 Re8
9.e4 c6 10.Nc3 Qe7 11.Be3 exd4 12.Nxd4 Ng4 13.Bf4 Nge5 14.b3 Nc5 15.h3 Ne6
16.Nxe6 Bxe6 17.Rac1 f5 18.Qd2 fxe4 19.Nxe4 Bxh3 20.Nxd6 Bxg2 21.Kxg2 Rf8
22.c5 Nf7 23.Qb4 g5 24.Be3 Be5 25.Rd2 Qf6 26.Qg4 Kh8 27.Ne4 Qg6 28.Nxg5 Nxg5
29.Bxg5 Rg8 30.f4 Rae8 31.Qf3 Bb8 32.Rh1 Ref8 33.Rh6 Qf5 34.Qc3+  1-0

[Event "MTO Open"]
[Site "Biel SUI"]
[Date "2000.08.01"]
[Round "8"]
[White "Burmakin,V"]
[Black "Volokitin,A"]
[Result "0-1"]
[WhiteElo "2538"]
[BlackElo "2447"]

1.d4 Nf6 2.Nf3 g6 3.c4 Bg7 4.g3 O-O 5.Bg2 d6 6.O-O Nbd7 7.Nc3 e5 8.h3 a6
9.dxe5 dxe5 10.Qc2 c6 11.Rd1 Qe7 12.e4 b5 13.cxb5 axb5 14.Be3 Bb7 15.Nd2 Ne8
16.Nb3 Nef6 17.Ne2 Rfd8 18.Nec1 Ra4 19.Nd3 Nxe4 20.Bxe4 Rxe4 21.Na5 Ba8 22.Nxc6 Qe6
23.Nxd8 Qxh3 24.Nc6 Rc4 25.Qe2 Bxc6 26.f3 e4 27.Nf4 Qxg3+ 28.Qg2 Qxg2+ 29.Kxg2 exf3+
30.Kf1 Bxb2 31.Rab1 Bc3  0-1

[Event "Proclient Cup"]
[Site "Olomouc CZE"]
[Date "2000.08.03"]
[Round "2"]
[White "Prakken,G"]
[Black "Salai,L"]
[Result "1/2-1/2"]
[WhiteElo "2280"]
[BlackElo "2424"]

1.d4 Nf6 2.Nf3 g6 3.c4 Bg7 4.g3 O-O 5.Bg2 d6 6.O-O c5 7.dxc5 dxc5 8.Ne5 Nfd7
9.Nd3 Nc6 10.Nc3 Nce5 11.Nxe5 Nxe5 12.Qb3 Nc6 13.Qb5 Nd4 14.Qxc5 b6 15.Qd5 Rb8
16.Bd2 Be6 17.Qxd8 Rbxd8 18.Bd5 b5 19.Be3 Nc2 20.Rad1 Nxe3 21.fxe3 bxc4 22.Bxe6 fxe6
23.Rxf8+ Rxf8 24.Rd7 Rb8 25.Na4 Bxb2 26.Nxb2 Rxb2 27.Rxa7 Rxe2 28.Rc7 Rxa2
29.Rxc4 Re2 30.Re4 Kf7 31.h4 h5 32.Kf1 Rc2 33.Rf4+ Kg7 34.e4 Rc4 35.e5 Rc5
36.Re4 Kh6 37.Kg2 g5 38.hxg5+ Kxg5 39.Kh3 Rc2 40.Rf4 Re2 41.Rf7 Rxe5 42.Rxe7 Re1
43.Kg2 Kf6 44.Re8 Ra1 45.Rh8 Ra5 46.Kf3 Rf5+ 47.Ke3 Rg5 48.Kf3 Ke5 49.Ra8  1/2-1/2

[Event "Eikrem mem"]
[Site "Gausdal NOR"]
[Date "2000.08.05"]
[Round "8"]
[White "Bekker Jensen,Da"]
[Black "Engelbert,C"]
[Result "1-0"]
[WhiteElo "2320"]
[BlackElo "2227"]

1.d4 g6 2.g3 Bg7 3.Bg2 d6 4.Nf3 Nf6 5.c4 O-O 6.Nc3 c6 7.O-O Qa5 8.e4 Bg4
9.h3 Bxf3 10.Bxf3 Nfd7 11.Rb1 c5 12.d5 Qb4 13.Bg5 Bf6 14.Bh6 Bg7 15.Bg5 Bf6
16.Bxf6 exf6 17.Nb5 a6 18.a3 Qa5 19.b4 Qb6 20.Nc3 cxb4 21.axb4 Qc7 22.Be2 b5
23.Qd4 bxc4 24.Rfc1 Qa7 25.Qxc4 Ne5 26.Qb3 Rc8 27.Kg2 Qd4 28.Nb5 axb5 29.Rxc8+ Kg7
30.Qc2 Ra3 31.Rxb8 Rc3 32.Qd1 Qxe4+ 33.f3 Qe3 34.Ra8 g5 35.Ra2  1-0

[Event "Proclient Cup"]
[Site "Olomouc CZE"]
[Date "2000.08.05"]
[Round "6"]
[White "Prakken,G"]
[Black "Pisk,P"]
[Result "0-1"]
[WhiteElo "2280"]
[BlackElo "2400"]

1.d4 Nf6 2.Nf3 g6 3.c4 Bg7 4.g3 O-O 5.Bg2 d6 6.O-O a6 7.Nc3 Nc6 8.b3 Rb8
9.Bb2 Bd7 10.Rc1 Qc8 11.Re1 b5 12.cxb5 axb5 13.d5 Na5 14.Nd4 b4 15.Nb1 e5
16.dxe6 fxe6 17.Nf3 Rb6 18.Nbd2 c5 19.Qc2 Qe8 20.Bh3 e5 21.Bxd7 Qxd7 22.Kg2 Qb7
23.e4 Bh6 24.Rcd1 Qf7 25.Re2 Qe6 26.h3 Rc8 27.Bc1 Ra6 28.Qd3 Rca8 29.Nf1 Bxc1
30.Rxc1 h6 31.Rcc2 Nc6 32.Ne3 Nd4 33.Nxd4 cxd4 34.Nc4 Nd7 35.Rcd2 Nc5 36.Qf3 h5
37.Kh2 d3 38.Re3 Rxa2 39.Rexd3 Nxd3 40.Qxd3 Rxd2 41.Qxd2 Rf8 42.Kg2 Qf6 43.Qe2 Qf7
44.Qe3 Qe7 45.h4 Kg7 46.Qd2 Qa7 47.f3 Qd4 48.Qxb4 Qd3 49.Nd2 Qe2+ 50.Kh3 Qf2
51.Qxd6 Qg1 52.g4 Rxf3+  0-1

[Event "Open"]
[Site "Chania GRE"]
[Date "2000.08.06"]
[Round "5"]
[White "Bagaturov,G"]
[Black "Kotronias,V"]
[Result "1/2-1/2"]
[WhiteElo "2501"]
[BlackElo "2539"]

1.d4 Nf6 2.c4 g6 3.Nf3 Bg7 4.g3 O-O 5.Bg2 d6 6.Nc3 Nbd7 7.O-O e5 8.e4 c6
9.b3 Qb6 10.Rb1 Re8 11.h3 exd4 12.Nxd4 Nc5 13.Re1 Bd7 14.Be3 Nfxe4 15.Nxe4 Nxe4
16.Nb5 c5 17.b4 Bxb5 18.bxc5 dxc5 19.Rxb5 Qe6 20.Rxb7 Qxc4 21.Qb3 Qxb3 22.axb3 a5
23.Rc7 Rab8 24.Bxe4 Rxe4  1/2-1/2

[Event "TCh-ESP"]
[Site "Barcelona ESP"]
[Date "2000.08.07"]
[Round "3"]
[White "Izeta,F"]
[Black "Coret Frasquet,J"]
[Result "1/2-1/2"]
[WhiteElo "2456"]
[BlackElo "2251"]

1.d4 Nf6 2.Nf3 g6 3.c4 Bg7 4.g3 O-O 5.Bg2 d6 6.O-O c6 7.Nc3 Qa5 8.e4 Qh5
9.Ng5 h6 10.Qxh5 Nxh5 11.Nf3 f5 12.exf5 Bxf5 13.Nh4 Bc2 14.Be4 Bxe4 15.Nxe4 Kh7
16.Be3 Nd7 17.Rac1 Nhf6 18.Nxf6+ Nxf6 19.f3 d5 20.b3 e6 21.Ng2 g5 22.g4 Nd7
23.h4 Rae8 24.hxg5 hxg5 25.Rcd1 Kg6 26.Rd2 dxc4 27.bxc4 e5 28.d5 c5 29.Re2 b6
30.Bc1 e4 31.f4 Bd4+ 32.Kh2 Ne5 33.Kg3 Nxc4 34.Rh1 e3 35.Rh5 Rf5 36.Kh3 Rxd5
37.Nh4+ Kf6 38.Nf3 Ke6 39.Nxg5+ Kd7 40.Rh7+ Re7 41.Rxe7+ Kxe7 42.Ne4 Rd8
43.Kg3 Rh8 44.Nd2 Nd6 45.Nb1 Nc4 46.Nd2 Nd6  1/2-1/2

[Event "FSIMB August"]
[Site "Budapest HUN"]
[Date "2000.08.08"]
[Round "4"]
[White "Farago,S"]
[Black "Bognar,C"]
[Result "0-1"]
[WhiteElo "2292"]
[BlackElo "2320"]

1.d4 Nf6 2.c4 g6 3.Nf3 Bg7 4.g3 O-O 5.Bg2 d6 6.Nc3 Nbd7 7.O-O e5 8.e4 Re8
9.d5 Nc5 10.Ne1 a5 11.b3 Nfd7 12.Rb1 f5 13.f3 f4 14.a3 a4 15.b4 Nb3 16.Nxa4 Nxc1
17.Rxc1 fxg3 18.hxg3 Qg5 19.Rc3 Qxg3 20.f4 Qh4 21.Rh3 Qe7 22.f5 gxf5 23.exf5 e4
24.Re3 Qg5 25.Rff3 Nf6 26.Rg3 Qh5 27.Qd4 Ng4 28.Rxg4 Qxg4 29.f6 Bh6 30.Rh3 Qg6
31.f7+ Kxf7 32.Qf2+ Kg8 33.Rg3 Bg5 34.Nc3 h6 35.Nc2 e3 36.Qe2 Bf5 37.Nd4 Rxa3
38.Qb2 Raa8 39.Ncb5 Bd3 40.Ne2 Bxe2 41.Qxe2 Ra1+ 42.Bf1 Rf8 43.Rf3 Bh4+ 44.Kh2 Rxf3
45.Qxf3 Ra2+ 46.Be2 Bg3+ 47.Kh3 Be5 48.Qxe3 Rxe2  0-1